000 00327 a2200145 4500
001 169842
020 _a
040 _cMagnum
100 _aPaiva, Vanilda (Org.)
240 1 0 _aA atualidade da escola de frankfurt
_lpor
245 1 0 _aA atualidade da escola de frankfurt
362 0 _a1899
697 _aENSINO
942 _cBK
999 _c169842
_d169842